Name a Shakespeare Play A-Z - Statistics

General Stats
  • This quiz has been taken 3,205 times
  • The average score is 9 of 13
Answer Stats
Letter Shakespeare Play % Correct
M Macbeth | Measure for Measure | The Merchant of Venice | The Merry Wives of Windsor | A Midsummer Night's Dream | Much Ado about Nothing
97%
H Hamlet | Henry IV | Henry V | Henry VI | Henry VIII
96%
R Richard II | Richard III | Romeo and Juliet
95%
O Othello
89%
T The Taming of the Shrew | The Tempest | Timon of Athens | Titus Andronicus | Troilus and Cressida | Twelfth Night | The Two Gentlemen of Verona | The Two Noble Kinsmen
88%
K King John | King Lear
84%
A All's Well That Ends Well | Antony and Cleopatra | As You Like It
73%
J Julius Caesar
66%
C The Comedy of Errors | Coriolanus | Cymbeline
56%
L Love's Labour's Lost
49%
W The Winter's Tale
43%
P Pericles, Prince of Tyre
37%
E Edward III
17%
No matching quizzes found
Score Distribution
Percent of People with Each Score
Percentile by Number Answered
Your Score History
You have not taken this quiz